Délmagyarország. - 1968. február 9., Péntek
Elmentve itt :
| Dokumentumtípus: | Újság |
|---|---|
| Megjelent: |
1968-02-09
|
| Sorozat: | Délmagyarország
58 No. 33 |
| Online Access: | http://dmarchiv.bibl.u-szeged.hu/17364 |
| LEADER | 00488nas a2200145 i 4500 | ||
|---|---|---|---|
| 001 | delm17364 | ||
| 005 | 20200414160745.0 | ||
| 008 | 171215s1968 hu n o 0|| hun d | ||
| 022 | |a 0133-025X | ||
| 040 | |a SZTE Délmagyarország Archívum |b hun | ||
| 041 | |a hun | ||
| 245 | 0 | 0 | |a Délmagyarország. - 1968. február 9., Péntek |h [elektronikus dokumentum] |
| 260 | |c 1968-02-09 | ||
| 490 | 0 | |a Délmagyarország |v 58 No. 33 | |
| 856 | 4 | 0 | |u http://dmarchiv.bibl.u-szeged.hu/17364/1/dm_1968_033.pdf |z Dokumentum-elérés |